| 000 | 00347nam a22001457a 4500 | ||
|---|---|---|---|
| 003 | MACL | ||
| 005 | 20180626161430.0 | ||
| 008 | 180626b xxu||||| |||| 00| 0 eng d | ||
| 040 | _c MACL | ||
| 100 |
_aTiwari, Rakesh _972786 |
||
| 245 | _aIndian War Heroes | ||
| 260 |
_aAllahabad _bSanket _c2014 |
||
| 650 |
_aArmy _93799 |
||
| 942 |
_2ddc _cBK |
||
| 999 |
_c58248 _d58248 |
||